000 00348nam a2200133 a 4500
005 20140414132021.0
008 110315s19uu xx 00 eng d
050 _aTR
_bF26 1997
100 _aKarlin, Nurit
245 _aThe fat cat sat on the mat.
260 _aNew York :
_bScholastic ,
_c1997.
440 _aAn I can read book
999 _c113466
_d113466